| 000 | 00815cam a2200289 4500500 | ||
|---|---|---|---|
| 005 | 20260405003409.0 | ||
| 041 | _afre | ||
| 042 | _adc | ||
| 100 | 1 | 0 |
_aLacroix, Alexandre _eauthor |
| 245 | 0 | 0 | _aLes réseaux de tous les complots |
| 260 | _c2021. | ||
| 500 | _a22 | ||
| 690 | _aBiais cognitif | ||
| 690 | _aComplotisme | ||
| 690 | _aCritique | ||
| 690 | _aEmmanuel Macron | ||
| 690 | _aFake news | ||
| 690 | _aGérald Bronner | ||
| 690 | _aInfox | ||
| 690 | _aLumières | ||
| 690 | _aManipulation | ||
| 690 | _aNumérique | ||
| 690 | _aRéseaux sociaux | ||
| 690 | _aThéories du complot | ||
| 786 | 0 | _nPhilosophie magazine | 154 | 11 | 2021-11-01 | p. 13-13 | 1951-1787 | |
| 856 | 4 | 1 | _uhttps://shs.cairn.info/magazine-philosophie-magazine-2021-11-page-13?lang=fr&redirect-ssocas=7080 |
| 999 |
_c2067133 _d2067133 |
||